000 00338nam a22001577a 4500
003 SGT
020 _a978-81-8448-886-9
082 _a616.0757, R10T
100 _aTHEYALAN, K
245 _aTB. OF RADIOLOGICAL SAFETY
250 _a1ST
260 _aINDIA
_bJAYPEE
_c2010
300 _a325
650 _aRADIOLOGY
942 _2ddc
_cBK
_057
999 _c8401
_d8401